|
|
|
|
| LEADER |
01404nam a2200337 a 4500 |
| 001 |
32382 |
| 003 |
BD-DhAAL |
| 005 |
20211116112413.0 |
| 008 |
171205r20021983nyua b 000 0 eng |
| 999 |
|
|
|c 38304
|d 38304
|
| 010 |
|
|
|a 2001054662
|
| 020 |
|
|
|a 1565847423 (pbk.)
|
| 020 |
|
|
|a 9781565847422 (pbk.)
|
| 040 |
|
|
|a DLC
|d BD-DhAAL
|
| 050 |
0 |
0 |
|a BH301.M54
|b A57 2002
|
| 082 |
0 |
0 |
|a 909.82
|2 21
|
| 245 |
0 |
4 |
|a The anti-aesthetic :
|b essays on postmodern culture /
|c edited by Hal Foster.
|
| 260 |
|
|
|a New York :
|b New Press,
|c c2002.
|
| 300 |
|
|
|a xvii, 183 pages :
|b illustrations ;
|c 21 cm.
|
| 500 |
|
|
|a Originally published: 1st ed. Port Townsend, Wash. : Bay Press, 1983.
|
| 504 |
|
|
|a Includes bibliographical references.
|
| 526 |
|
|
|a AAL
|
| 541 |
|
|
|a Trim Education
|e 32382
|
| 650 |
|
0 |
|a Modernism (Aesthetics).
|9 24175
|
| 650 |
|
0 |
|a Civilization, Modern.
|y 1950-
|9 24176
|
| 650 |
|
0 |
|a Architecture.
|9 42699
|
| 700 |
1 |
|
|a Foster, Hal.
|9 24177
|
| 852 |
|
|
|a Ayesha Abed Library
|
| 942 |
|
|
|2 ddc
|c BK
|
| 952 |
|
|
|0 0
|1 0
|2 ddc
|4 0
|6 909_820000000000000_ANT
|7 0
|9 62012
|a BRACUL
|b BRACUL
|c GEN
|d 2017-11-28
|e Trim Education
|g 2386.00
|l 3
|m 3
|o 909.82 ANT
|p 3010032382
|r 2022-05-09
|s 2022-04-13
|t 1
|v 2386.00
|w 2017-11-28
|y BK
|
| 952 |
|
|
|0 0
|1 0
|2 ddc
|4 0
|6 909_820000000000000_ANT
|7 0
|9 62383
|a BRACUL
|b BRACUL
|c GEN
|d 2017-12-28
|e Trim Education
|g 2386.00
|l 1
|m 2
|o 909.82 ANT
|p 3010032562
|r 2023-10-17
|s 2023-10-05
|t 2
|v 2386.00
|w 2017-12-28
|y BK
|